| 000 | 00837nam a2200229 4500 | ||
|---|---|---|---|
| 001 | 112912 | ||
| 003 | ES-MaACL | ||
| 005 | 20231215062953.0 | ||
| 007 | t| | ||
| 008 | 061121s1987 sp r ||||1| spa d | ||
| 020 | _a84-85354-22-X | ||
| 100 | 1 |
_aMusaeus, Johann K. A. _984666 |
|
| 245 | 1 | 0 |
_aCrónica de las tres hermanas _b: cuento mágico / _cJohann K. A. Musaeus ; prólogo y traducción de Carmen Bravo-villasante. |
| 250 | _a1ª ed. | ||
| 260 |
_aPalma de Mallorca : _bJosé de Olañeta, _c1987. |
||
| 300 |
_a50 p. : _bil ; _c21 cm. |
||
| 490 | 1 |
_aErase una vez...: Biblioteca de cuentos maravillosos ; _v25 |
|
| 700 | 1 |
_aBravo-Villasante, Carmen, _d1918-1994 _931507 |
|
| 830 | 0 |
_aErase una vez...: Biblioteca de cuentos maravillosos ; _v25 _9177315 |
|
| 852 |
_aES-MaACL _jL-12837 _bR.114915 |
||
| 999 |
_c112912 _d112912 |
||